| 000 | 01040nmm a2200301 a 4500 | ||
|---|---|---|---|
| 001 | ocm000570878 | ||
| 003 | TR-IsHL | ||
| 005 | 20201028122514.0 | ||
| 008 | 131028s2011 tu tur | ||
| 007 | cr cn | ||
| 020 | _a9789944978866 | ||
| 035 |
_a570878 _b(N$T) |
||
| 050 | 0 | 4 |
_aBM755.S45 _bK31 2011 |
| 090 | 0 | 4 |
_aBM755.S45 _bK31 2011 |
| 100 | 1 | _aKastein, Joseph | |
| 245 | 1 | 0 |
_aSabetay Sevi: İzmirli mesih _h[electronic resource] / _cJoseph Kastein ; çev. Orhan Düz |
| 250 | _a8. bs. | ||
| 260 |
_aİstanbul : _bİlgi Kültür Sanat Yayıncılık, _c2011 |
||
| 300 | _a304 p. | ||
| 650 | 4 | _aFelsefe, Psikoloji ve Din | |
| 650 | 4 | _aPhilosophy, Psychology and Religion | |
| 650 | 0 | _aSabetay Sevi, 1626-1676 | |
| 650 | 0 |
_aYahudi din adamları _x Türkiye _x Biyografi |
|
| 650 | 0 |
_aJewish religious leaders _x Turkey _x Biography |
|
| 650 | 7 |
_aSOCIAL SCIENCE / Jewish Studies _2bisacsh |
|
| 700 | 1 | _aDüz, Orhan | |
| 856 | 4 | 0 | _uhttp://search.ebscohost.com/login.aspx?direct=true&scope=site&db=e011xww&AN=570878 |
| 999 |
_c1906 _d1906 |
||